|
|
|
|
| LEADER |
00000naa2a2200000 4500 |
| 001 |
661214 |
| 005 |
20260209162710.0 |
| 035 |
|
|
|a (RuTPU)RU\TPU\network\31478
|
| 035 |
|
|
|a RU\TPU\network\31476
|
| 090 |
|
|
|a 661214
|
| 100 |
|
|
|a 20191125d2019 k||y0rusy50 ca
|
| 101 |
0 |
|
|a rus
|
| 102 |
|
|
|a RU
|
| 135 |
|
|
|a drgn ---uucaa
|
| 181 |
|
0 |
|a i
|
| 182 |
|
0 |
|a b
|
| 200 |
1 |
|
|a Особенности структурно-группового состава масел тяжелых нефтей различного типа
|f М. К. Рявкина, Д. С. Корнеев, Е. В. Бешагина
|
| 203 |
|
|
|a Текст
|c электронный
|
| 225 |
1 |
|
|a Новые нетрадиционные технологии подготовки, транспорта и переработки нефти и газа. Экологические аспекты добычи, подготовки и транспорта нефти и газа: проблемы и решения
|
| 300 |
|
|
|a Заглавие с экрана
|
| 320 |
|
|
|a [Библиогр.: с. 784 (1 назв.])
|
| 333 |
|
|
|a Режим доступа: по договору с организацией-держателем ресурса
|
| 463 |
|
1 |
|0 (RuTPU)RU\TPU\network\31158
|t Иерархические материалы: разработка и приложения для новых технологий и надежных конструкций
|o международный междисциплинарный симпозиум, 1-5 октября 2019 г., Томск, Россия
|o тезисы докладов International Workshop "Multiscale Biomechanics and Tribology of Inorganic and Organic Systems"
|o тезисы докладов международной конференции "Перспективные материалы с иерархической структурой для новых технологий и надежных конструкций"
|o тезисы докладов международной конференции "Химия нефти и газа: добыча, подготовка, транспорт нефти и газа"
|f Российская академия наук (РАН), Сибирское отделение (СО), Институт физики прочности и материаловедения (ИФПМ) ; Институт химии нефти (ИХН)
|v [С. 784]
|d 2019
|
| 610 |
1 |
|
|a электронный ресурс
|
| 610 |
1 |
|
|a труды учёных ТПУ
|
| 610 |
1 |
|
|a структурно-групповой состав
|
| 610 |
1 |
|
|a масла
|
| 610 |
1 |
|
|a тяжелые нефти
|
| 610 |
1 |
|
|a переработка
|
| 610 |
1 |
|
|a ароматические соединения
|
| 700 |
|
1 |
|a Рявкина
|b М. К.
|
| 701 |
|
1 |
|a Корнеев
|b Д. С.
|c химик-технолог
|c ассистент кафедры Томского политехнического университета
|f 1990-
|g Дмитрий Сергеевич
|3 (RuTPU)RU\TPU\pers\33843
|
| 701 |
|
1 |
|a Бешагина
|b Е. В.
|c химик-технолог
|c доцент Томского политехнического университета, кандидат химических наук
|f 1983-
|g Евгения Владимировна
|3 (RuTPU)RU\TPU\pers\25265
|9 11298
|
| 712 |
0 |
2 |
|a Национальный исследовательский Томский политехнический университет
|b Инженерная школа природных ресурсов
|b Отделение химической инженерии
|3 (RuTPU)RU\TPU\col\23513
|
| 801 |
|
2 |
|a RU
|b 63413507
|c 20191126
|g RCR
|
| 856 |
4 |
|
|u https://elibrary.ru/item.asp?id=41207484
|
| 942 |
|
|
|c CF
|